[Event "13th Open A"]
[Site "Zadar CRO"]
[Date "2006.12.11"]
[Round "1"]
[White "Fercec,N"]
[Black "Biliskov,V"]
[Result "1-0"]
[WhiteElo "2504"]
[BlackElo "2346"]

1.e4 g6 2.d4 Bg7 3.Nc3 c6 4.f4 d5 5.e5 Nh6 6.Be3 f6 7.Be2 O-O 8.h3 Nf5 9.Bf2 fxe5
10.dxe5 e6 11.Nf3 b6 12.g4 Ne7 13.Qd2 Ba6 14.O-O-O Bxe2 15.Nxe2 c5 16.h4 Nbc6
17.h5 d4 18.Kb1 Qd5 19.Ng5 Nxe5 20.hxg6 hxg6 21.f5 Nxg4 22.Nf4 Qxf5 23.Nfxe6 Qxf2
24.Qd3 Qe3 25.Qb5 Bf6 26.Rde1 a6 27.Qd7 Ne5 28.Qd6 Nf5 29.Qc7  1-0

[Event "13th Open A"]
[Site "Zadar CRO"]
[Date "2006.12.12"]
[Round "3"]
[White "Kurajica,B"]
[Black "Sebenik,M"]
[Result "1-0"]
[WhiteElo "2555"]
[BlackElo "2417"]

1.d4 g6 2.e4 Bg7 3.Nc3 c6 4.Nf3 d5 5.h3 Nf6 6.Bd3 dxe4 7.Nxe4 Nxe4 8.Bxe4 Nd7
9.O-O Qc7 10.Re1 O-O 11.Bd3 Re8 12.Bc4 Nb6 13.Bb3 Nd5 14.c4 Nf6 15.Ne5 Be6
16.Bf4 Qa5 17.Qe2 Rad8 18.Rad1 Qa6 19.Qc2 Nd7 20.Nf3 b5 21.Rxe6 fxe6 22.Qe2 Nf8
23.Ng5 b4 24.Nxe6 Nxe6 25.Qxe6+ Kh8 26.Be5 Rg8 27.Qxe7 Qa5 28.Bc7  1-0

[Event "6th Amplico AIG Life Gp4"]
[Site "Warsaw POL"]
[Date "2006.12.17"]
[Round "3"]
[White "Narmontas,M"]
[Black "Cicak,S"]
[Result "1-0"]
[WhiteElo "2310"]
[BlackElo "2530"]

1.e4 g6 2.d4 Bg7 3.Nc3 c6 4.f4 Qb6 5.Nf3 d5 6.exd5 Nf6 7.dxc6 Nxc6 8.Bb5 O-O
9.Bxc6 Qxc6 10.O-O Rd8 11.Ne2 b5 12.Ne5 Qb6 13.Be3 Bb7 14.c3 Nd5 15.Bf2 Bxe5
16.fxe5 Qc6 17.Qd2 Ne3 18.Nf4 Nxg2 19.Bg3 Nxf4 20.Bxf4 f6 21.Rae1 Qd5 22.Re3 Rf8
23.e6 a5 24.Rff3 Ra6 25.Qe2 Qxa2 26.Rh3 Qd5 27.Qg4 a4 28.Rxh7 Qh1+ 29.Kf2 Kxh7
30.Rh3+ Kg7 31.Bh6+ Kh7 32.Bxf8+  1-0

[Event "6th Amplico AIG Life"]
[Site "Warsaw POL"]
[Date "2006.12.17"]
[Round "10"]
[White "Hunt,A"]
[Black "Szymanski,P1"]
[Result "1-0"]
[WhiteElo "2462"]
[BlackElo "2232"]

1.e4 g6 2.d4 Bg7 3.Nc3 c6 4.Be3 d5 5.Qd2 h5 6.Nf3 Nh6 7.Ne5 dxe4 8.Nxe4 Nf5
9.Bc4 e6 10.O-O-O Nd7 11.Nxf7 Kxf7 12.Ng5+ Ke8 13.Nxe6 Qb6 14.Bf4 Nf6 15.Nc7+ Kf8
16.Nxa8 Qd8 17.Qb4+ Ne7 18.Rhe1 Nd5 19.Bxd5  1-0

[Event "27th Open A"]
[Site "Bethune FRA"]
[Date "2006.12.27"]
[Round "3"]
[White "Fedorchuk,S"]
[Black "Foisor,O"]
[Result "1-0"]
[WhiteElo "2599"]
[BlackElo "2422"]

1.e4 g6 2.d4 Bg7 3.Nc3 c6 4.Nf3 d5 5.h3 Nf6 6.e5 Ne4 7.Nxe4 dxe4 8.Ng5 c5
9.Bc4 O-O 10.c3 Nc6 11.Be3 cxd4 12.cxd4 Qa5+ 13.Kf1 h6 14.Nxe4 Rd8 15.f4 Qb6
16.Qb3 Qxb3 17.axb3 Nxd4 18.Rd1 Bf5 19.Nc3 Nc2 20.Ke2 Nxe3 21.Kxe3 h5 22.Nb5 a6
23.Nd4 e6 24.Be2 h4 25.Nf3 Bf8 26.Rxd8 Rxd8 27.Rc1 Be7 28.Rc7 Kf8 29.Nd4 b5
30.Bg4 Rd5 31.Bf3 Rd8 32.Be4 Bb4 33.Rc2 Ba5 34.Bxf5 gxf5 35.Nf3 Rd1 36.Ke2 Rd8
37.Rc6 Bb4 38.Rxa6 Rc8 39.Nd4 Bc5 40.Rc6 Rxc6 41.Nxc6 Ke8 42.b4 Bb6 43.Kd3 Bg1
44.Nd4 Bh2 45.Ne2 Kd7 46.Kd4 Kc6 47.Ke3 Kd5 48.b3 Kc6 49.Kf3 Kd7 50.g3 Bxg3
51.Nxg3 hxg3 52.Kxg3 Ke7 53.Kf3 f6 54.exf6+ Kxf6 55.Ke3 e5 56.fxe5+ Kxe5
57.h4  1-0

[Event "33rd Annual Eastern Open"]
[Site "Washington DC USA"]
[Date "2006.12.27"]
[Round "2"]
[White "Strenzwilk,D"]
[Black "Ivanov,AV USA"]
[Result "1/2-1/2"]
[WhiteElo "2135"]
[BlackElo "2587"]

1.e4 g6 2.d4 Bg7 3.Nc3 c6 4.Nf3 d6 5.a4 Bg4 6.Be2 d5 7.exd5 cxd5 8.O-O Nc6
9.Be3 e6 10.Qd2 Nge7 11.h3 Bxf3 12.Bxf3 Nf5 13.Ne2 Nh4 14.b3 Nxf3+ 15.gxf3 O-O
16.f4 Rc8 17.Rac1 Ne7 18.Ng3 Rc6 19.Qb4 Qc7 20.c4 Rc8 21.c5 b6 22.cxb6 axb6
23.Qa3 Bxd4 24.Rxc6 Nxc6 25.Rc1 Bxe3 26.fxe3 e5 27.fxe5 Qxe5 28.Nf1 Qe6 29.Qb2 Qxh3
30.Qf6 Qe6 31.Qxe6 fxe6 32.b4 Kf7 33.Nd2 Ke7 34.Nf3 Kd6 35.Ng5 Rc7 36.b5 h6
37.Nf7+ Rxf7 38.Rxc6+ Ke5 39.Rxb6 Rf3 40.Rc6 Rxe3 41.b6 Ra3 42.Rc8 Ra1+ 43.Kf2 Ra2+
44.Kg1 Ra1+ 45.Kf2 Ra2+ 46.Kg1  1/2-1/2

[Event "Weihnachtsopen Masters"]
[Site "Zurich SUI"]
[Date "2006.12.29"]
[Round "5"]
[White "Ginsburg,G"]
[Black "Drechsler,C"]
[Result "1-0"]
[WhiteElo "2506"]
[BlackElo "2259"]

1.e4 g6 2.d4 Bg7 3.Nc3 c6 4.Bc4 d6 5.Nf3 Nf6 6.Qe2 d5 7.Bd3 dxe4 8.Nxe4 Nxe4
9.Bxe4 O-O 10.O-O Bg4 11.c3 Nd7 12.h3 Bxf3 13.Qxf3 e6 14.a4 Qc7 15.Re1 Rfe8
16.Bf4 Qd8 17.Bc2 Nf6 18.Rad1 Nd5 19.Bc1 a5 20.g3 Nb6 21.h4 Qd5 22.Kg2 Qxf3+
23.Kxf3 Rad8 24.h5 Bf6 25.g4 Rd7 26.Kg3 Red8 27.f4 Nc4 28.hxg6 hxg6 29.f5 exf5
30.gxf5 Nd6 31.fxg6 fxg6 32.Re6 Kf7 33.Bb3 Nf5+ 34.Kg4 Rh8 35.Rxc6+ Kg7 36.Rb6 Bd8
37.Re6 Rh4+ 38.Kf3 Rh3+ 39.Kg2 Rg3+ 40.Kf1 Nd6 41.Re3 Rg5 42.Re5 Rg3 43.Be3 Bf6
44.Bf2 Rf3 45.Re3 Rf4 46.Kg2 Nf5 47.Re8 g5 48.Rh1 Nh6 49.Bg3 Rg4 50.Be6 Nf5
51.Rg8+  1-0

[Event "Keres Mem A"]
[Site "Tallinn EST"]
[Date "2007.01.08"]
[Round "4"]
[White "Kulaots,K"]
[Black "Onischuk,V"]
[Result "1/2-1/2"]
[WhiteElo "2525"]
[BlackElo "2469"]

1.e4 c6 2.d4 g6 3.Nc3 Bg7 4.Nf3 d6 5.Be3 Nf6 6.Qd2 O-O 7.h4 b5 8.a3 h5 9.Bh6 Bxh6
10.Qxh6 Ng4 11.Qd2 e5 12.d5 a6 13.Ng5 Bb7 14.Be2 Nf6 15.O-O-O cxd5 16.exd5 Bc8
17.f4 Bf5 18.fxe5 dxe5 19.Bd3 Bg4 20.Rde1 Nbd7 21.Rhf1 Rc8 22.Nge4 Nxe4 23.Nxe4 Nc5
24.Nxc5 Rxc5 25.Rxe5 Rxd5 26.Rxd5 Qxd5 27.Qf4 Rc8 28.Be4 Qa2 29.Qf6 Be2 30.Re1 Bg4  1/2-1/2

[Event "Keres Mem WGM"]
[Site "Tallinn EST"]
[Date "2007.01.10"]
[Round "6"]
[White "Tsiganova,M"]
[Black "Gansvind,V"]
[Result "1-0"]
[WhiteElo "2214"]
[BlackElo "2252"]

1.e4 g6 2.d4 Bg7 3.Nc3 c6 4.Nf3 d6 5.Be2 b5 6.a3 a6 7.O-O Qc7 8.Re1 Nd7 9.Bf1 Bb7
10.Bf4 e5 11.Bg5 h6 12.Be3 Ngf6 13.h3 O-O 14.Qd2 Kh7 15.Rad1 Rfe8 16.Nh2 exd4
17.Bxd4 c5 18.Be3 b4 19.axb4 cxb4 20.Nd5 Nxd5 21.exd5 Bxb2 22.Qxb4 Bg7 23.Qf4 Nf6
24.c4 Re4 25.Qf3 Rae8 26.Bd3 R4e5 27.Ng4 Nxg4 28.hxg4 Bc8 29.Rb1 Kg8 30.Rb3 Qe7
31.Reb1 h5 32.g5 Qd8 33.Rb8 Qa5 34.Qd1 Rxe3 35.fxe3 Qc5 36.Qf3 Kh7 37.Qxh5+ Kg8
38.Qf3 Bf8 39.R1b7 Be7 40.Qf4 a5 41.Bc2 Qa3 42.Rxe7 Rxe7 43.Rxc8+ Kh7 44.Qh4+  1-0

[Event "Keres Mem WGM"]
[Site "Tallinn EST"]
[Date "2007.01.10"]
[Round "7"]
[White "Skinke,K"]
[Black "Shvyrjov,I"]
[Result "0-1"]
[WhiteElo "2132"]
[BlackElo "2412"]

1.e4 g6 2.d4 Bg7 3.Nc3 c6 4.f4 d6 5.Nf3 Nf6 6.Bd3 Qb6 7.e5 dxe5 8.fxe5 Nd5
9.Nxd5 cxd5 10.c3 Nc6 11.Qe2 a6 12.Bf4 Bg4 13.O-O O-O 14.h3 Bxf3 15.Rxf3 Nd8
16.Re1 Ne6 17.Bg3 Rae8 18.h4 Bh6 19.Qf2 Ng7 20.Rf1 Qe6 21.Bh2 f5 22.g4 b5
23.g5 Bxg5 24.hxg5 Qb6 25.b3 Rc8 26.Bb1 Ne6 27.b4 Nxg5 28.Rg3 Ne4 29.Bxe4 fxe4
30.Qe3 Rxf1+ 31.Kxf1 Qe6 32.Kg1 Kg7 33.Qg5 h6 34.Qe3 g5 35.Rg2 Kg6 36.Bg3 Rf8
37.Rf2 Rxf2 38.Kxf2 h5 39.Ke1 h4 40.Bf2 Kh5 41.Kf1 Qf5 42.Kg1 e6 43.Be1 Qg4+
44.Kf2 Qf4+ 45.Ke2 Kg4 46.Qg1+ Kf5 47.Qh1 Qg4+ 48.Ke3 Qf4+ 49.Ke2 Kg4 50.Qg2+ Kh5
51.Qh1 Qc1 52.Qh2 Qc2+ 53.Bd2 Qd3+ 54.Ke1 e3 55.Bc1 Qxc3+ 56.Kd1 Qxd4+ 57.Ke2 Qc4+
58.Kd1 Qf1+  0-1

[Event "Keres Mem B"]
[Site "Tallinn EST"]
[Date "2007.01.12"]
[Round "9"]
[White "Lauk,U"]
[Black "Seeman,T"]
[Result "1-0"]
[WhiteElo "2367"]
[BlackElo "2425"]

1.e4 g6 2.d4 Bg7 3.Nc3 c6 4.Nf3 d5 5.h3 Nf6 6.e5 Ne4 7.Nxe4 dxe4 8.Ng5 c5
9.e6 f6 10.Nf7 Qxd4 11.Nxh8 Bxh8 12.Bb5+ Nc6 13.Qe2 Bxe6 14.O-O a6 15.Rd1 Qe5
16.Bxc6+ bxc6 17.Bd2 Kf7 18.Bc3 Qf4 19.Re1 c4 20.f3 Rd8 21.fxe4 Qg3 22.Rf1 Bg7
23.Rf3 Qb8 24.Qe3 Rd7 25.Raf1 Qa7 26.Qxa7 Rxa7 27.g4 Rb7 28.Rd1 Bh6 29.Rd8 Rd7
30.Rxd7 Bxd7 31.Bd4 Bd2 32.Ra3 Bc8 33.Ra4 e5 34.Bc3 Be3+ 35.Kg2 c5 36.Kf3 Bg1
37.Rxc4 Bd7 38.Bd2 Bb5 39.Rc3 Bd4 40.Ra3 Bxb2 41.Rb3 Bd4 42.c3 Bg1 43.Kg2  1-0

[Event "TCh-BEL 2006-7"]
[Site "Belgium BEL"]
[Date "2007.01.14"]
[Round "6"]
[White "Swinkels,R"]
[Black "Verduyn,P"]
[Result "1-0"]
[WhiteElo "2428"]
[BlackElo "2163"]

1.e4 c6 2.d4 g6 3.Nc3 Bg7 4.f4 d5 5.e5 h5 6.Be3 Nh6 7.Nf3 Bg4 8.h3 Bxf3 9.Qxf3 h4
10.Bd3 e6 11.O-O Bf8 12.Ne2 Nd7 13.b3 Nf5 14.Bf2 Be7 15.c4 b6 16.Rac1 a6
17.a4 Kf8 18.Kh2 Bb4 19.Ng1 Nb8 20.cxd5 cxd5 21.Qe2 Kg7 22.Nf3 a5 23.Rc2 Ra7
24.Rfc1 Be7 25.Qf1 Ba3 26.Ra1 Be7 27.Raa2 Qd7 28.Qe2 Qb7 29.Ra1 Nc6 30.Bb5 Nb8
31.Rac1 Ba3 32.Ra1 Be7 33.Be1 Na6 34.Rac1 Ba3 35.Ra1 Be7 36.Bd3 Nb4 37.Bxb4 Bxb4
38.Bxf5 gxf5 39.Qb5 Qd7 40.Rc6 Rb7 41.Rac1 Qd8 42.R1c2 Be7 43.Qf1 Qd7 44.Qe1 Bd8
45.g3 hxg3+ 46.Qxg3+ Kf8 47.Rd6 Qe7 48.Ng5 Rd7 49.Nh7+ Rxh7 50.Rg2 Qh4 51.Rxd7 Ke8
52.Rb7 Qxg3+ 53.Rxg3 Kf8 54.Rb8 Ke7 55.Rc3 Rh8 56.Rb7+  1-0

[Event "IM"]
[Site "Marianske Lazne CZE"]
[Date "2007.01.20"]
[Round "2"]
[White "Grandelius,N"]
[Black "Zemerov,V"]
[Result "0-1"]
[WhiteElo "2162"]
[BlackElo "2346"]

1.e4 g6 2.d4 Bg7 3.Nc3 c6 4.Bc4 b5 5.Bb3 d6 6.Qf3 e6 7.Nge2 Ne7 8.O-O O-O
9.Bg5 f6 10.Bh4 a6 11.Rad1 d5 12.Bg3 Kh8 13.Rfe1 g5 14.Bxb8 Rxb8 15.Ng3 Ng6
16.Nh5 Rb7 17.Ne2 Nh4 18.Qc3 Qe8 19.Nxg7 Rxg7 20.Ng3 Qd7 21.Qc5 Rgf7 22.c3 Qc7
23.Rd2 Ng6 24.Bd1 Nf4 25.Bh5 Nxh5 26.Nxh5 Qe7 27.Qxe7 Rxe7 28.e5 f5 29.f4 gxf4
30.Rf2 Bd7 31.Rxf4 Be8 32.Nf6 Bg6 33.Re3 Kg7 34.Rg3 Rxf6 35.exf6+ Kxf6 36.Re3 Rc7
37.b4 a5 38.Kf2 a4 39.g4 Rf7 40.h4 h5 41.gxh5 Bxh5 42.Rg3 Bg6 43.Rg5 Rh7
44.Kg3 Bf7 45.Rf2 Rh8 46.Rh2 e5 47.dxe5+ Kxe5 48.h5 Ke4 49.Rh4+ Kd3 50.Rxf5 Bxh5
51.Rhxh5 Rxh5 52.Rxh5 Kxc3 53.Kf4 Kxb4 54.Rh3 Kc4 55.Ke3 Kc3 56.Rh6 c5 57.Rh5 c4
58.Rxd5 b4 59.Ke2 b3 60.axb3 cxb3 61.Kd1 Kb2 62.Rd2+ Kb1 63.Rd3 Ka2 64.Rd4 a3
65.Rb4 Kb2 66.Rc4 a2  0-1

[Event "GM"]
[Site "Marianske Lazne CZE"]
[Date "2007.01.20"]
[Round "2"]
[White "Jansa,Vl"]
[Black "Skytte,R"]
[Result "1/2-1/2"]
[WhiteElo "2488"]
[BlackElo "2409"]

1.e4 g6 2.d4 Bg7 3.Nc3 c6 4.h3 d5 5.Nf3 Nf6 6.Bd3 dxe4 7.Nxe4 Nxe4 8.Bxe4 Nd7
9.c3 O-O 10.O-O e5 11.Bg5 Qb6 12.Qd2 exd4 13.Nxd4 Nc5 14.Bf3 Ne6 15.Nxe6 Bxe6
16.Rfe1 Rfe8 17.Re4 f6 18.Be3 Qc7 19.Qc2 f5 20.Ra4 a5 21.c4 c5 22.Rd1 Rad8
23.Bd5 b6 24.Ra3 Bxd5  1/2-1/2

[Event "Stone Flower B"]
[Site "Nizhnij Tagil RUS"]
[Date "2007.01.21"]
[Round "8"]
[White "Iwasaki,Y"]
[Black "Skurygin,A"]
[Result "0-1"]
[WhiteElo "2141"]
[BlackElo "2327"]

1.e4 g6 2.d4 Bg7 3.Nc3 c6 4.Be3 d5 5.Qd2 dxe4 6.Nxe4 Nd7 7.O-O-O Ngf6 8.Nxf6+ Nxf6
9.Nf3 Bg4 10.Re1 Bxf3 11.gxf3 O-O 12.Bc4 b5 13.Bb3 a5 14.a3 e6 15.h4 Nh5
16.Reg1 Qf6 17.Rg5 Kh8 18.Rhg1 Rfd8 19.c3 Rac8 20.d5 e5 21.Rxh5 gxh5 22.f4 cxd5
23.fxe5 Qxh4 24.f4 b4 25.Bc2 bxc3 26.bxc3 Rc6 27.f5 Bxe5 28.Bg5 Qh2 29.Qxh2 Bxh2
30.Rh1 f6 31.Ba4 Rcd6 32.Be3 Be5 33.Bc5 Ra6 34.Bb5 Raa8 35.Rxh5 Rdc8 36.Be7 Rxc3+
37.Kd2 Rc7  0-1

[Event "75th Ambelokipi Open"]
[Site "Athens GRE"]
[Date "2007.01.24"]
[Round "4"]
[White "Papahristoudis,A"]
[Black "Vlahos,A"]
[Result "1-0"]
[WhiteElo "2111"]
[BlackElo "1972"]

1.e4 g6 2.d4 Bg7 3.Nc3 c6 4.Nf3 d5 5.e5 Bg4 6.h3 Bxf3 7.Qxf3 Nh6 8.g4 f6
9.exf6 exf6 10.Be3 O-O 11.O-O-O Qd7 12.Rg1 Qf7 13.Qe2 Nd7 14.Qd2 g5 15.f4 Kh8
16.fxg5 Ng8 17.gxf6 Ndxf6 18.Bd3 Ne4 19.Bxe4 dxe4 20.Kb1 Rfe8 21.h4 Nf6 22.Rdf1 Qd7
23.Rf4 Nd5 24.Nxd5 Qxd5 25.Rgf1 Rad8 26.Rf7 Bxd4 27.Bxd4+ Qxd4 28.Rf8+  1-0

[Event "12th HIT Open A"]
[Site "Nova Gorica SLO"]
[Date "2007.01.27"]
[Round "3"]
[White "Sermek,D"]
[Black "Sebenik,M"]
[Result "1/2-1/2"]
[WhiteElo "2530"]
[BlackElo "2434"]

1.e4 g6 2.d4 Bg7 3.Nc3 c6 4.h3 d5 5.Nf3 Nf6 6.e5 Ne4 7.Nxe4 dxe4 8.Ng5 c5
9.dxc5 Qa5+ 10.Bd2 Qxc5 11.Bc3 Nc6 12.Nxe4 Qb6 13.Qd2 Bxe5 14.Bxe5 Nxe5 15.Qc3 f6
16.f4 Nf7 17.O-O-O Bf5 18.Bd3 Rc8 19.Qb3 Qxb3 20.axb3 O-O 21.Rhe1 Rfd8 22.Nf2 Kf8
23.g4 Bxd3 24.Nxd3 Rd5 25.Re3 Rc7 26.Rde1 Rcd7 27.b4 b6 28.b3 h5 29.Kb2 hxg4
30.hxg4 Rd4 31.Kc3 g5 32.Rf1 Kg7 33.Rf2 R4d6 34.Rfe2 Kh8 35.Re4 Rd5 36.Re1 Nd6
37.R4e3 Nf7 38.Re6 Rd4 39.R1e4 Rxe4 40.Rxe4 gxf4 41.Nxf4 Ng5 42.Re2  1/2-1/2

[Event "Open"]
[Site "Moscow RUS"]
[Date "2007.01.30"]
[Round "4"]
[White "Danin,A"]
[Black "Novikov,St"]
[Result "1-0"]
[WhiteElo "2451"]
[BlackElo "2535"]

1.e4 g6 2.d4 Bg7 3.Nc3 c6 4.h3 d6 5.a4 Nd7 6.g3 Qa5 7.Ne2 e5 8.Be3 Ngf6 9.Bg2 d5
10.exd5 Nxd5 11.Bd2 Nxc3 12.Bxc3 Qc7 13.dxe5 Bxe5 14.O-O O-O 15.Re1 Rd8 16.Qd2 Bxc3
17.Qxc3 Nf8 18.a5 a6 19.Rad1 Be6 20.Nf4 Rxd1 21.Rxd1 Rd8 22.Rd3 Rxd3 23.Nxd3 Bf5
24.Nc5 Ne6 25.Nxe6 Bxe6 26.Qc5 Qd7 27.Kh2 Qd2 28.b4 Qe2 29.Qb6 Qxc2 30.Qxb7 Qxf2
31.Qxc6 h5 32.Qxa6 h4 33.Qa8+ Kh7 34.Qf3 Qe1 35.a6 Bd5 36.Qf4 hxg3+ 37.Qxg3 Qd2
38.b5 f5 39.h4 Bxg2 40.Qxg2 Qd6+ 41.Kh3 Qd3+ 42.Kh2 Qd6+ 43.Qg3 f4 44.Qf2 f3+
45.Kh3 Qd7+ 46.Kg3 Qxb5 47.Qa7+ Kh6 48.Qe3+ Kh7 49.Qe7+ Kg8 50.a7  1-0

[Event "ch-UKR U20"]
[Site "Lviv UKR"]
[Date "2007.01.31"]
[Round "1"]
[White "Zhornik,N"]
[Black "Onischuk,V"]
[Result "0-1"]
[WhiteElo "2365"]
[BlackElo "2469"]

1.e4 c6 2.d4 g6 3.Nc3 Bg7 4.f4 d5 5.e5 h5 6.Nf3 Bg4 7.h3 Bxf3 8.Qxf3 Qb6
9.Qf2 e6 10.Bd3 h4 11.O-O Ne7 12.Ne2 Nd7 13.b3 Nf5 14.c4 f6 15.c5 Qc7 16.b4 Kf7
17.Bd2 Raf8 18.Rab1 Kg8 19.Bxf5 gxf5 20.Kh1 b6 21.Ng1 Rb8 22.Nf3 Qb7 23.cxb6 Nxb6
24.Qe2 fxe5 25.fxe5 Nc4 26.Bg5 Qb5 27.a4 Qb7 28.Bxh4 Qf7 29.Bg5 Qg6 30.Rfc1 Rh5
31.Bf6 Bf8 32.Nd2 Nxd2 33.Qxd2 Bh6 34.Qe2 Bxc1 35.Rxc1 Rc8 36.Qa6 Qe8 37.Qxa7 Rh7
38.Qc5 Qf8 39.Qd6 Qxd6 40.exd6 Rd7 41.Be5 Ra8 42.Rxc6 Rxa4 43.b5 Kf7 44.Rc8 Rb4
45.Rb8 f4 46.b6 Kg6 47.Bxf4 Rxd4 48.b7 Rb4 49.Rg8+ Kf5 50.Rf8+ Ke4 51.b8=Q Rxb8
52.Rxb8 Kxf4 53.Rb6 e5 54.Kg1 Ke3 55.Rb3+ Ke4 56.Rb6 d4 57.Kf2 Rf7+ 58.Ke1 Ke3  0-1

[Event "TCh-NED 2006-7"]
[Site "Netherlands NED"]
[Date "2007.02.03"]
[Round "5"]
[White "Muhren,B"]
[Black "Douven,R"]
[Result "0-1"]
[WhiteElo "2290"]
[BlackElo "2399"]

1.e4 g6 2.d4 Bg7 3.Nc3 c6 4.Nf3 d5 5.Be3 Bg4 6.h3 Bxf3 7.Qxf3 e6 8.O-O-O Nd7
9.exd5 cxd5 10.Nb5 Kf8 11.Bf4 Bf6 12.Bc7 Qc8 13.Rd3 Ne7 14.Bd6 Kg7 15.g4 Nc6
16.h4 h6 17.Kb1 a6 18.g5 hxg5 19.Nc7 Nxd4 20.Qd1 Nf5 21.hxg5 Rxh1 22.gxf6+ Kg8
23.Bf4 Ra7 24.Rh3 Rxh3 25.Bxh3 b5 26.Bxf5 Rxc7 27.Bxc7 Qxc7 28.Bd3 Nxf6 29.Qf3 Qe5
30.a3 Kg7 31.Ka2 Qd4 32.c3 Qe5 33.Qd1 Ne4 34.Qe2 Qf4 35.Bxe4 Qxe4 36.Qxe4 dxe4
37.Kb3 f5 38.a4 f4 39.a5 e3 40.fxe3 f3  0-1

[Event "TCh-NED 2006-7"]
[Site "Netherlands NED"]
[Date "2007.02.03"]
[Round "5"]
[White "Bierenbroodspot,P"]
[Black "Bosboom Lanchava,T"]
[Result "1-0"]
[WhiteElo "2245"]
[BlackElo "2392"]

1.e4 g6 2.d4 Bg7 3.Nc3 c6 4.Be3 b5 5.Qd2 d6 6.Bd3 Nd7 7.Nf3 a6 8.O-O Qc7
9.Ne2 h6 10.a4 c5 11.axb5 Ra7 12.dxc5 dxc5 13.Nc3 Ngf6 14.bxa6 Ra8 15.Bb5 Kf8
16.Rfd1 Qb6 17.e5 Ne4 18.Qd5 Nxc3 19.Qxa8  1-0

[Event "39th Giorgi Tringov"]
[Site "Plovdiv BUL"]
[Date "2007.02.05"]
[Round "1"]
[White "Vladimirova,M"]
[Black "Chatalbashev,B"]
[Result "1/2-1/2"]
[WhiteElo "1973"]
[BlackElo "2541"]

1.e4 g6 2.d4 Bg7 3.Nc3 c6 4.Nf3 d5 5.h3 Nh6 6.Be2 f6 7.O-O Nf7 8.Be3 O-O
9.Qd2 b6 10.a4 e6 11.exd5 exd5 12.b4 a6 13.Bf4 g5 14.Bg3 Nd6 15.Bxd6 Qxd6
16.a5 b5 17.Nd1 Bf5 18.Nb2 Nd7 19.Nh2 Bg6 20.c3 h6 21.Bd3 f5 22.Rfe1 Nf6
23.f3 Nh5 24.Bc2 Nf4 25.Nd3 Nxd3 26.Bxd3 Rf6 27.Re2 Bf8 28.Rae1 Qd7 29.f4 gxf4
30.Qxf4 Qd6 31.Re5 Bg7 32.g3 Rff8 33.Re6 Qxf4 34.gxf4 Bf7 35.Rxc6 Rfc8 36.Rc5 Bf8
37.Bxf5 Bxc5 38.dxc5 Re8 39.Kf2 Kg7 40.Nf3 Kf6 41.Nd4 Rxe1 42.Kxe1 Ke7 43.Nf3 Rf8
44.Ke2 Be6 45.Bxe6 Kxe6 46.Nd4+ Kd7 47.f5 Rg8 48.Nf3 Ke7 49.Ke3 Kf6 50.Kf4 h5
51.Ne5 Rg1 52.Nd7+ Ke7 53.Nb8 Rg8 54.Nxa6 Kd7 55.Ke5 Ra8 56.c6+ Kxc6 57.Nc5 Rc8
58.Ne6 h4 59.Kf6 Kd6 60.Ng5 Kd7 61.Ne6 Rg8 62.Nf4 Kd6 63.Ng6 Rc8 64.Kg7 Rc7+
65.Kg8 Rc8+ 66.Kg7 Rc7+ 67.Kg8 Rc8+  1/2-1/2

[Event "ch-UKR U20"]
[Site "Lviv UKR"]
[Date "2007.02.08"]
[Round "9"]
[White "Zherebukh,Y"]
[Black "Onischuk,V"]
[Result "0-1"]
[WhiteElo "2359"]
[BlackElo "2469"]

1.e4 c6 2.d4 g6 3.Nc3 Bg7 4.h3 d6 5.Be3 Nf6 6.Qd2 O-O 7.Nf3 Nbd7 8.a4 e5
9.dxe5 dxe5 10.Bc4 Qe7 11.O-O Nc5 12.Ng5 h6 13.b4 Ncd7 14.Nxf7 Rxf7 15.Bxf7+ Kxf7
16.Bxh6 Bxh6 17.Qxh6 Qxb4 18.Qe3 Qc5 19.Qd3 Nf8 20.Kh1 Ne6 21.Ne2 g5 22.g3 Bd7
23.f4 gxf4 24.gxf4 Ke7 25.Rad1 Rh8 26.Qf3 Nd4 27.Qf2 Nxe4 28.Qg1 Rxh3+ 29.Kg2 Qxc2  0-1

[Event "ch-UKR U20"]
[Site "Lviv UKR"]
[Date "2007.02.10"]
[Round "11"]
[White "Grekh,A"]
[Black "Onischuk,V"]
[Result "0-1"]
[WhiteElo "2351"]
[BlackElo "2469"]

1.e4 c6 2.d4 g6 3.Nc3 Bg7 4.f4 d5 5.e5 h5 6.h3 Nh6 7.Be3 Nf5 8.Bf2 h4 9.Bd3 e6
10.Nf3 b6 11.O-O Ba6 12.Qe1 Bxd3 13.cxd3 Bf8 14.Nd1 Be7 15.Ne3 Nd7 16.Rc1 Rc8
17.Qd1 Kf8 18.Kh2 Kg7 19.Rg1 Nxe3 20.Bxe3 Qc7 21.Bf2 Qb7 22.a3 c5 23.Ng5 cxd4
24.Qg4 Nc5 25.Bxd4 Nb3 26.Rxc8 Qxc8 27.Bf2 Bc5 28.Bxc5 Qxc5 29.Nf3 Qf2 30.Qg5 Qg3+
31.Qxg3 hxg3+ 32.Kxg3 Rc8 33.Rf1 a5 34.Rf2 Rc1 35.Re2 Rd1 36.Kf2 Nc5 37.d4 Na4
38.b3 Nc3 39.Re3 Ne4+ 40.Ke2 Ra1 41.a4 Ra2+ 42.Kf1 Nd2+ 43.Nxd2 Rxd2 44.g3 Rxd4
45.Ke2 Kh6 46.h4 Kh5 47.Kf3 Rd2 48.Rc3 Rb2 49.Rd3 Rc2 50.g4+ Kxh4 51.f5 gxf5
52.gxf5 Kg5 53.fxe6 fxe6 54.Ke3 Kf5 55.Kd4 Rf2 56.Rh3 Rf4+ 57.Kd3 Kxe5 58.Rh7 Rf3+  0-1

[Event "FSIMA February"]
[Site "Budapest HUN"]
[Date "2007.02.12"]
[Round "10"]
[White "Mihok,O"]
[Black "Boguszlavszkij,J"]
[Result "1/2-1/2"]
[WhiteElo "2305"]
[BlackElo "2312"]

1.e4 g6 2.d4 Bg7 3.Nc3 c6 4.f4 d5 5.e5 h5 6.Be3 Nh6 7.h3 Nf5 8.Bf2 Qb6 9.Rb1 Na6
10.Nf3 Nc7 11.Bd3 Ne6 12.Bxf5 gxf5 13.Qd2 Rg8 14.g3 Qa6 15.b4 Bd7 16.Rb3 Bh6
17.Nh4 Ng7 18.a4 Qc4 19.Nd1 Qa6 20.Nb2 O-O-O 21.Qc3 Kb8 22.Kd2 Ne6 23.Qf3 Rh8
24.Nxf5 Nc5 25.bxc5 Bxf5 26.Qe3 f6 27.e6 Qa5+ 28.c3 Qc7 29.h4 Qc8 30.a5 a6
31.Nd3 Qxe6 32.Qxe6 Bxe6 33.Re1 Bc8 34.Rxe7 Rde8 35.Rf7 Ref8 36.Re7 Re8 37.Rf7 Ref8  1/2-1/2

[Event "ch-UKR gU20"]
[Site "Lviv UKR"]
[Date "2007.02.12"]
[Round "11"]
[White "Kalinina,O"]
[Black "Arutyunova,D"]
[Result "0-1"]
[WhiteElo "2168"]
[BlackElo "2224"]

1.e4 g6 2.d4 Bg7 3.Nc3 c6 4.Be3 d6 5.Qd2 Nf6 6.f3 b5 7.Nge2 Nbd7 8.a4 b4
9.Na2 a5 10.c3 c5 11.Rd1 b3 12.Nac1 c4 13.d5 Nb6 14.Nd4 Ba6 15.Nc6 Qc7 16.Bxb6 Qxb6
17.Qd4 Qxd4 18.cxd4 Nd7 19.Ne2 Nb6 20.Nc3 Bb7 21.Nb5 Bxc6 22.dxc6 Rc8 23.c7 Nxa4
24.Bxc4 Nxb2 25.Bd5 Nxd1 26.Bc6+ Kf8 27.Kxd1 e5 28.Bd7 Ke7 29.Bxc8 Rxc8 30.Kc1 exd4
31.Kb2 a4 32.Ka3 Ra8 33.f4 Kd7 34.Re1 d3 35.Rd1 b2 36.e5 dxe5 37.Rxd3+ Kc6
38.Rc3+ Kxb5 39.c8=Q Rxc8 40.Rxc8 b1=N+ 41.Ka2 Nd2 42.Rc7 e4 43.Rxf7 Bd4
44.Rxh7 e3 45.Re7 Kc4 46.g4 Kd3 47.h4 Ne4  0-1

[Event "ch-St Petersburg sf"]
[Site "St Petersburg RUS"]
[Date "2007.02.14"]
[Round "5"]
[White "Karalkin,M"]
[Black "Eliseev,Alexe"]
[Result "0-1"]
[WhiteElo "2287"]
[BlackElo "2424"]

1.e4 g6 2.d4 Bg7 3.Nc3 c6 4.f4 d5 5.e5 Nh6 6.Nf3 Bg4 7.Be2 Nf5 8.O-O Bxf3
9.Bxf3 h5 10.Ne2 e6 11.b3 Na6 12.c4 Bf8 13.a3 Qb6 14.Qd3 Rd8 15.c5 Bxc5 16.Be3 Nxe3
17.Qxe3 Be7 18.b4 Nc7 19.Nc3 Nb5 20.Ne2 Nc7 21.h3 h4 22.Nc3 Nb5 23.Ne2 a5
24.a4 Nc7 25.bxa5 Qxa5 26.Rfb1 b6 27.Nc3 Ra8 28.Qc1 O-O 29.Nb5 cxb5 30.axb5 Nxb5
31.Rxa5 Rxa5 32.f5 gxf5 33.Bh5 Kg7 34.Kh2 Rh8 35.Bd1 Nxd4 36.Rxb6 Rc5 37.Qd2 Rc4
38.Rb7 Bd8 39.Rd7 Kg6 40.Qe3 Bg5 41.Qf2 Nc6  0-1

[Event "US Amateur Team East"]
[Site "Parsippany USA"]
[Date "2007.02.18"]
[Round "3"]
[White "Sharp,D"]
[Black "Stopa,Ja"]
[Result "0-1"]
[WhiteElo "2085"]
[BlackElo "2439"]

1.e4 g6 2.d4 Bg7 3.Nc3 c6 4.g3 d5 5.Nge2 Qa5 6.Bg2 dxe4 7.Bxe4 Nh6 8.O-O O-O
9.Be3 Nf5 10.Qd2 Rd8 11.Rfd1 e5 12.d5 Nd6 13.dxc6 Nxc6 14.Bxc6 bxc6 15.Ne4 Qxd2
16.Rxd2 Nb7 17.Rad1 Bg4 18.Kf1 Re8 19.Kg2 f5 20.f3 Bh5 21.Rd7 fxe4 22.g4 Rf8
23.Nc3 exf3+ 24.Kg3 Bxg4 25.Kxg4 Na5 26.Ne4 Nc4 27.Bc5 Rf4+  0-1

[Event "Meurthe et Moselle GM"]
[Site "Nancy FRA"]
[Date "2007.02.25"]
[Round "9"]
[White "Nezar,M"]
[Black "Okhotnik,V"]
[Result "1/2-1/2"]
[WhiteElo "2423"]
[BlackElo "2486"]

1.d4 g6 2.e4 c6 3.Nc3 Bg7 4.Bc4 d5 5.exd5 b5 6.Bb3 b4 7.Na4 cxd5 8.Ne2 Nf6
9.O-O O-O 10.Re1 Nc6 11.a3 bxa3 12.Rxa3 Na5 13.Nec3 Nxb3 14.Rxb3 Bg4 15.f3 Bf5
16.Nc5 Re8 17.Bf4 Nh5 18.Bg5 h6 19.Bh4 g5 20.Bf2 Nf4 21.Qd2 Rb8 22.Be3 Rb6
23.Ra1 e5 24.Bxf4 exf4 25.Rxa7 Bxc2 26.Rxb6 Qxb6 27.Rb7 Qa5 28.g3 Bf5 29.Kg2 fxg3
30.hxg3 Qa1 31.g4 Re1 32.Qf2 Bg6 33.Nb3 Qa8 34.Rd7 Re8 35.Nxd5 Qa2 36.Rb7 Qa6
37.Ne7+ Kh7 38.Nc5 Qc4 39.b3 Qc1 40.Ne4 Rd8 41.d5 Be5 42.Nxg6 Kxg6 43.d6 Kg7
44.Rc7 Qf4 45.Qg3 Qxe4 46.fxe4 Bxg3 47.Kxg3 Rxd6 48.Rc3 Rd4 49.Kf3 Rb4 50.Ke3 f6
51.Kd3 Kg6 52.Ke3 h5 53.gxh5+ Kxh5 54.Kf3 Kh4 55.Re3 Kh3 56.Kf2+ Kg4 57.Kg2 Kf4
58.Rf3+ Ke5 59.Rf5+ Ke6 60.Kf3 Rxb3+ 61.Kf2 Rb2+ 62.Kf3 Rb1 63.Kf2 Rb3 64.Ke2 Rh3
65.Kf2 Rh7 66.Kf3 Re7 67.Ra5 Kf7 68.Ra6 Re6 69.Ra7+ Kg6 70.Ra8 Rb6 71.Rg8+ Kf7
72.Ra8 Rb3+ 73.Kf2 g4 74.Ra5 Kg6 75.Rc5 Rf3+ 76.Ke2 Rh3 77.Rf5 Rh5 78.Rf4 Kg5
79.Rf5+ Kh4 80.Rxf6 Kg3 81.Ke3 Rg5 82.Ra6 Rb5 83.Ra1 Rb3+ 84.Kd4 Kf4 85.Rf1+ Rf3
86.Re1 g3 87.e5 g2 88.Rg1 Rf2 89.e6 Re2 90.Kd5  1/2-1/2

[Event "23rd Open"]
[Site "Cappelle la Grande FRA"]
[Date "2007.03.07"]
[Round "6"]
[White "Sandu,Mi"]
[Black "Dgebuadze,A"]
[Result "1/2-1/2"]
[WhiteElo "2207"]
[BlackElo "2504"]

1.e4 g6 2.d4 Bg7 3.Nc3 c6 4.Be3 d6 5.Qd2 b5 6.h4 h5 7.Bd3 Nf6 8.f3 Nbd7 9.Nh3 a6
10.O-O-O Bb7 11.Ng5 e5 12.dxe5 dxe5 13.Be2 Qe7 14.g4 Rd8 15.f4 hxg4 16.fxe5 Nxe5
17.Qxd8+ Qxd8 18.Rxd8+ Kxd8 19.Bd4 Nfd7 20.Nxf7+ Nxf7 21.Bxg7 Rh7 22.Bd4 Nde5
23.Bf2 Ke7 24.a4 Bc8 25.axb5 axb5 26.Bg3 Rh5 27.Rf1 Be6 28.b3 Nd7 29.Kd2 Nf6
30.Ke3 Rc5 31.Be1 Re5 32.Bg3 Rh5 33.Na2 Nd7 34.Nb4 Nfe5 35.Nd3 Nxd3 36.Bxd3 Ne5  1/2-1/2